BIBLIOTECA PODER JUDICIAL
Portal Judicial TDF

La regulación legal del plazo razonable. Análisis de los plazos estructurales del nuevo Código Procesal Penal Federal / (Registro nro. 5653)

000 -LEADER
fixed length control field 01307nab a22002057a 4500
003 - CONTROL NUMBER IDENTIFIER
control field OSt
005 - DATE AND TIME OF LATEST TRANSACTION
control field 20251226124906.0
008 - FIXED-LENGTH DATA ELEMENTS--GENERAL INFORMATION
fixed length control field 190429b xxu||||| |||| 00| 0 spa d
040 ## - CATALOGING SOURCE
Transcribing agency PJ
245 13 - TITLE STATEMENT
Title La regulación legal del plazo razonable. Análisis de los plazos estructurales del nuevo Código Procesal Penal Federal /
Statement of responsibility, etc Julieta Carolina Mateos.
260 ## - PUBLICATION, DISTRIBUTION, ETC. (IMPRINT)
Date of publication, distribution, etc Ciudad Autónoma de Buenos Aires :
Place of publication, distribution, etc Thomson Reuters La Ley,
Name of publisher, distributor, etc 2025.
300 ## - PHYSICAL DESCRIPTION
Extent p. 113-127
500 ## - GENERAL NOTE
General note Cita: TR LALEY AR/DOC/1911/2025.
505 ## - FORMATTED CONTENTS NOTE
Formatted contents note Sumario: I. Introducción.— II. La centralidad del tiempo en el modelo acusatorio.— III. La garantía del plazo razonable: antecedentes y vacíos normativos.— IV. Principios fundamentales y claves de interpretación (arts. 18 y 114 del CPPF).— V. El plazo máximo de duración del proceso penal (art. 119 del CPPF).— VI. Los plazos de la etapa preparatoria (arts. 265 y 266 del CPPF).— VII. Consideraciones finales.
505 ## - FORMATTED CONTENTS NOTE
Title Si te interesa el texto completo, solicitalo a koha@justierradelfuego.gov.ar
650 #0 - SUBJECT ADDED ENTRY--TOPICAL TERM
9 (RLIN) 343
Topical term or geographic name as entry element DERECHO PENAL
650 #0 - SUBJECT ADDED ENTRY--TOPICAL TERM
9 (RLIN) 2500
Topical term or geographic name as entry element CODIGO PROCESAL PENAL
773 0# - HOST ITEM ENTRY
Host Biblionumber 2658
Host Itemnumber 3164
Title Revista de derecho penal y criminología. Nº 8 - Septiembre 2025
Place, publisher, and date of publication Ciudad Autónoma de Buenos Aires : Thomson Reuters La Ley, 2017-
International Standard Serial Number 00347914
942 ## - ADDED ENTRY ELEMENTS (KOHA)
Source of classification or shelving scheme
Koha item type Analítica Artículo de Revista

No hay ítems disponibles.

12 de Octubre 789 Ushuaia - Tel:  54(02901)441571
Horario de Atención: 8.00 a 17.00 hs. 
bibliotecaush@justierradelfuego.gov.ar
koha@justierradelfuego.gov.ar
Seguinos en nuestras redes @bibliojustdf 

Con tecnología Koha